SEIEM : evaluación institucional.

Guardado en:
Detalles Bibliográficos
Autor corporativo: Estado de México, Gobierno del Estado
Formato: Libro
Idioma:Español
Temas:
Etiquetas: Agrega una etiqueta
Sin etiquetas, Sé el primero en etiquetar este registro!

MARC

LEADER 00000cam^a2200000uu^4500
001 000465697
005 20250521000000.0
008 050901s1999^^^^^^^^^^^^rd^r^^000^0^spa^d
009 20260310124405.502
035 |a FCE 000008321 
035 |a FCE 032639 
037 |a Acervo ITESO - Biblioteca 
041 |a spa 
082 0 4 |a 370.1157252  |b GOBe 
110 |a Estado de México,  |b Gobierno del Estado 
245 1 0 |a SEIEM :  |b evaluación institucional. 
264 |a Toluca :  |b GEM : SEIEM,  |c 1999. 
300 |a 16 p.+ anexos 
336 |a texto  |b txt  |2 rdacontenido 
337 |a sin mediación  |b n  |2 rdamedio 
338 |a volumen  |b nc  |2 rdasoporte 
649 |a XX 
650 |a SEIEM 
650 |a Metodología 
650 |a Servicios de educación 
650 |a Aprovechamiento escolar 
650 |a Evaluación institucional 
650 |a Indicadores 
650 |a Estado de México 
910 |a Fondo Centro de Estudios Educativos 
920 |a Impresos - Libros 
930 |a Fondos Especiales 
905 |a 133 
901 |a ALE032639  |b IT2  |c CEE  |u 20250521 
902 |a https://opac.biblio.iteso.mx/vufind/Record/000465697